书目信息 |
| 题名: |
中国仲裁法治现代化研究
|
|
| 作者: | 张建 著 | |
| 分册: | ||
| 出版信息: | 北京 中国政法大学出版社 2022 |
|
| 页数: | 348页 | |
| 开本: | 21cm | |
| 丛书名: | 首都经济贸易大学·法学前沿文库 | |
| 单 册: | ||
| 中图分类: | D925.704 | |
| 科图分类: | ||
| 主题词: | 仲裁法--研究--中国 | |
| 电子资源: | ||
| ISBN: | 978-7-5764-0439-5 | |
| 000 | 01349nam 2200277 450 | |
| 001 | 012024000244 | |
| 005 | 20240924225235.0 | |
| 010 | @a978-7-5764-0439-5@dCNY49.00 | |
| 100 | @a20240924d2022 em y0chiy50 ea | |
| 101 | 0 | @achi |
| 102 | @aCN@b110000 | |
| 105 | @ay z 000yy | |
| 106 | @ar | |
| 200 | 1 | @a中国仲裁法治现代化研究@Azhong guo zhong cai fa zhi xian dai hua yan jiu@dResearch on the modernization of the rule of law in arbitration in China@f张建著@zeng |
| 210 | @a北京@c中国政法大学出版社@d2022 | |
| 215 | @a348页@d21cm | |
| 225 | 2 | @a首都经济贸易大学·法学前沿文库@f张世君主编 |
| 300 | @a北京市社科基金青年项目“北京‘两区’建设下境外仲裁机构准入的法治保障研究”阶段性研究成果 | |
| 330 | @a本书作者首先回顾了改革开放四十余年来中国仲裁法律制度发展的历史征程,继而针对现行《中华人民共和国仲裁法》存在的弊病提出相应的修改方案。在此基础上,作者分别选取了三个具体问题,即国际商事仲裁证据规则的制定与适用、中国引入临时仲裁的路径与方案、国际投资仲裁规则的现代化展开讨论。 | |
| 410 | 0 | @12001 @a首都经济贸易大学·法学前沿文库 |
| 510 | 1 | @aResearch on the modernization of the rule of law in arbitration in China@zeng |
| 606 | 0 | @a仲裁法@x研究@y中国 |
| 690 | @aD925.704@v5 | |
| 701 | 0 | @a张建@Azhang jian@4著 |
| 801 | 0 | @aCN@bAHXH@c20240924 |
| 905 | @b214139010@b214139029@b214139038@b214139047@b214139056@dD925.704@e1009@f5 | |
| 中国仲裁法治现代化研究=Research on the modernization of the rule of law in arbitration in China/张建著.-北京:中国政法大学出版社,2022 |
| 348页;21cm.-(首都经济贸易大学·法学前沿文库/张世君主编) |
| 北京市社科基金青年项目“北京‘两区’建设下境外仲裁机构准入的法治保障研究”阶段性研究成果 |
| ISBN 978-7-5764-0439-5:CNY49.00 |
| 本书作者首先回顾了改革开放四十余年来中国仲裁法律制度发展的历史征程,继而针对现行《中华人民共和国仲裁法》存在的弊病提出相应的修改方案。在此基础上,作者分别选取了三个具体问题,即国际商事仲裁证据规则的制定与适用、中国引入临时仲裁的路径与方案、国际投资仲裁规则的现代化展开讨论。 |
| ● |
| 相关链接 |
|
|
|
|
正题名:中国仲裁法治现代化研究
索取号:D925.704/1009
 
预约/预借
| 序号 | 登录号 | 条形码 | 馆藏地/架位号 | 状态 | 备注 |
| 1 | 1413901 | 214139010 | 第一样本阅览室/ [索取号:D925.704/1009] | 在馆 | |
| 2 | 1413902 | 214139029 | 第一借阅区/ [索取号:D925.704/1009] | 在馆 | |
| 3 | 1413903 | 214139038 | 第一借阅区/ [索取号:D925.704/1009] | 在馆 | |
| 4 | 1413904 | 214139047 | 第一借阅区/ [索取号:D925.704/1009] | 在馆 | |
| 5 | 1413905 | 214139056 | 第一借阅区/ [索取号:D925.704/1009] | 在馆 |